000 00370nam a2200145Ia 4500
008 230711s9999||||xx |||||||||||||| ||und||
041 _aENG
082 _a677
_bRA-T
100 _aRamachandran J
245 0 _aThin shell : theory and problem
250 _a1st . Ed.
260 _c1993
_aNew Delhi
_bUniversity Science Press
650 _aTextile Engineering
942 _cBK
999 _c3764
_d3764